Manthara(മന്ഥര) (Record no. 115474)

MARC details
000 -LEADER
fixed length control field 00416 a2200157 4500
005 - DATE AND TIME OF LATEST TRANSACTION
control field 20260429143851.0
008 - FIXED-LENGTH DATA ELEMENTS--GENERAL INFORMATION
fixed length control field 260427b |||||||| |||| 00| 0 eng d
020 ## - INTERNATIONAL STANDARD BOOK NUMBER
International Standard Book Number 9780000198174
080 ## - UNIVERSAL DECIMAL CLASSIFICATION NUMBER
Universal Decimal Classification number FM
Item number VIJ/M
100 ## - MAIN ENTRY--PERSONAL NAME
Personal name Vijayakumari Amma,P
245 ## - TITLE STATEMENT
Title Manthara(മന്ഥര)
260 ## - PUBLICATION, DISTRIBUTION, ETC. (IMPRINT)
Name of publisher, distributor, etc National Book Stall
Place of publication, distribution, etc Kottayam
Date of publication, distribution, etc 2014
300 ## - PHYSICAL DESCRIPTION
Extent 96p.
653 ## - INDEX TERM--UNCONTROLLED
Uncontrolled term Fiction-N0vel-Malayalam Literature
942 ## - ADDED ENTRY ELEMENTS (KOHA)
item type Books
Holdings
Lost status Source of classification or shelving scheme Not for loan Home library Current library Date acquired Cost, normal purchase price Total Checkouts Full call number Barcode Date last seen Cost, replacement price Price effective from Koha item type Public note
  Universal Decimal Classification Not For Loan University Library University Library 06/03/2026 53.34   FM VIJ/M 00097558 06/03/2026 80.00 06/03/2026 Books processing
University Library, CUSAT